Características socioeconómicas del sector de menos ingresos en la ciudad de Santa Ana
में बचाया:
| निगमित लेखक: | |
|---|---|
| स्वरूप: | मूलपाठ |
| प्रकाशित: |
San Salvador:
Fundación Slavadoreña de Desarrollo y Vivienda Mínima
|
| विषय: | |
| टैग: |
टैग जोड़ें
कोई टैग नहीं, इस रिकॉर्ड को टैग करने वाले पहले व्यक्ति बनें!
|
MARC
| LEADER | 00000 a a2200000 04500 | ||
|---|---|---|---|
| 001 | 20035 | ||
| 003 | |||
| 040 | |||
| 090 | |a 082000 | ||
| 110 | |a Fundación Salvadoreña de Desarrollo y Vivienda Mínima | ||
| 245 | |a Características socioeconómicas del sector de menos ingresos en la ciudad de Santa Ana | ||
| 260 | |a San Salvador: |b Fundación Slavadoreña de Desarrollo y Vivienda Mínima | ||
| 300 | |a 106 p. | ||
| 650 | |a EL SALVADOR | ||
| 650 | |a VIVIENDA | ||
| 650 | |a POLITICA DE VIVIENDA | ||
| 650 | |a ESTRUCTURA SOCIAL | ||
| 650 | |a Resultados de la aplicación de un estudio longitudinal que se lleva a cabo en el proyecto de vivienda en la colonia "La Periquera" en Santa Ana, El Salvador. El documento considera los sigui | ||
| 999 | |c 3823 |d 3823 | ||
